000 00604nam a2200205Ia 4500
005 20240328115448.0
008 131103s9999 xx 000 0 und d
020 _a019564405 0
_cRs.65.00
040 _aLoreto College
041 _aEnglish
082 _a420.7
_bRAM
100 _aRam, S.K.
245 _aLearning to communicate
_b course book 7 for the middle school
_cS.K.Ram and Paul Gunashekar
260 _aDelhi
_bOxford university press
_c1998
300 _a127p.
_b ill, pic.
650 _aEnglish language - Study & teaching
700 _aGunashekar, Paul
850 _aLCBED
942 _cBK
999 _c27888
_d78367